[Event "4NCL 2008-9"]
[Site "Hinckley Island ENG"]
[Date "2008.12.07"]
[Round "4"]
[White "Sowray,P"]
[Black "Eames,R"]
[Result "0-1"]
[WhiteElo "2316"]
[BlackElo "2329"]

1.Nf3 d5 2.g3 Nf6 3.Bg2 Bf5 4.O-O e6 5.d3 h6 6.Nbd2 Be7 7.Qe1 O-O 8.e4 Bh7
9.Qe2 c6 10.Kh1 a5 11.e5 Nfd7 12.Rg1 a4 13.a3 Na6 14.Nf1 b5 15.g4 b4 16.g5 hxg5
17.Bh3 b3 18.Bxg5 Nac5 19.Bxe7 Qxe7 20.d4 Ne4 21.cxb3 axb3 22.Ng3 Nxg3+ 23.Rxg3 Be4
24.Bg2 c5 25.Ng5 Bg6 26.dxc5 Nxc5 27.Rg1 Ra4 28.Bf3 Rh4 29.Qf1 Nd3 30.Be2 Nf4
31.Rg4 Rxg4 32.Rxg4 Nxe2 33.Qxe2 Rc8 34.Qb5 Qc7 35.Qxb3 Qxe5 36.Kg2 Rb8 37.Qa4 f6
38.Nf3 Be4 39.Rg3 f5 40.Rg5 Qxb2 41.Qd7 Qf6 42.h4 d4 43.Rg3 f4 44.Rg4 Rf8
45.h5 d3 46.a4 Rd8 47.Qc7 d2 48.Rxf4 Bxf3+  0-1

[Event "III Open"]
[Site "Palma de Mallorca ESP"]
[Date "2008.12.07"]
[Round "2"]
[White "Belezky,A"]
[Black "Sanchez,Lo"]
[Result "1-0"]
[WhiteElo "2466"]
[BlackElo "2251"]

1.Nf3 d5 2.g3 Nf6 3.Bg2 c6 4.d3 Bg4 5.O-O Nbd7 6.Nbd2 e5 7.e4 dxe4 8.dxe4 Bc5
9.c3 a5 10.Qc2 O-O 11.Nc4 Re8 12.Ne3 Bxf3 13.Bxf3 g6 14.a4 Qc7 15.Be2 Kg7
16.Kg2 h5 17.h4 Rad8 18.Bc4 Nb6 19.Ba2 Rd7 20.Rb1 Bxe3 21.Bxe3 c5 22.f3 Qc6
23.b3 c4 24.b4 Red8 25.Rf2 Nc8 26.bxa5 Rd3 27.Bg5 R8d7 28.Rb5 Nh7 29.Bc1 f6
30.Ba3 Nd6 31.Rc5 Qa6 32.Qb2 Nf8 33.Qb4 Ne6 34.Rxc4 Qa8 35.Qb6 Qd8 36.Rb4 Qe8
37.a6 bxa6 38.Bxe6 Qxe6 39.Qxa6 Rxc3 40.Bb2 Rc8 41.Rb6 Rcd8 42.Ba3 Kf7 43.Rd2 Ke7
44.a5 g5 45.Rbxd6 Rxd6 46.Bxd6+ Rxd6 47.Rxd6 Qxd6 48.Qxd6+ Kxd6 49.g4  1-0

[Event "FSIM December"]
[Site "Budapest HUN"]
[Date "2008.12.08"]
[Round "3"]
[White "Kahn,E"]
[Black "Adams,N"]
[Result "1-0"]
[WhiteElo "2297"]
[BlackElo "2205"]

1.Nf3 d5 2.g3 c5 3.Bg2 Nc6 4.d4 e6 5.c4 Nf6 6.O-O Be7 7.dxc5 Bxc5 8.a3 O-O
9.b4 Be7 10.cxd5 exd5 11.Bb2 Bf5 12.Nd4 Be4 13.Bh3 Re8 14.Nc3 Bg6 15.Bg2 Bf8
16.Rc1 Ne5 17.Ba1 a5 18.Ndb5 Qb6 19.Nxd5 Nxd5 20.Qxd5 Nc6 21.Rxc6 bxc6 22.Qxc6 Rab8
23.Qxb6 Rxb6 24.Nc7 Rc8 25.bxa5 Rb3 26.Be5 Rxa3 27.a6 Bc5 28.Rd1 h6 29.Bb7 Rf8
30.Rc1 Bb6 31.Nd5 Ba7 32.Bd6  1-0

[Event "III Open"]
[Site "Palma de Mallorca ESP"]
[Date "2008.12.08"]
[Round "3"]
[White "Cacho Reigadas,S"]
[Black "Barcelo Pujadas,P"]
[Result "1-0"]
[WhiteElo "2468"]
[BlackElo "2269"]

1.Nf3 d5 2.g3 Nf6 3.Bg2 c6 4.O-O Bf5 5.d3 e6 6.c4 Be7 7.cxd5 exd5 8.Be3 O-O
9.Qb3 Qc8 10.Nc3 b6 11.Bf4 Bh3 12.e4 Bxg2 13.Kxg2 dxe4 14.dxe4 Nbd7 15.Rad1 Nc5
16.Qc2 Qb7 17.Nd4 g6 18.f3 Nh5 19.Bc1 Ng7 20.Nce2 Rac8 21.b3 Nge6 22.Nxe6 Nxe6
23.Bb2 h6 24.Rd3 Rfd8 25.Qc3 Kh7 26.Rfd1 Rxd3 27.Rxd3 Rg8 28.b4 a5 29.a3 axb4
30.axb4 b5 31.h4 c5 32.Qd2 Rd8 33.Rxd8 Bxd8 34.bxc5 Be7 35.Qc3 f6 36.c6 Qc8
37.Qc2 h5 38.Nd4 Nxd4 39.Bxd4 b4 40.Qc4 Kg7 41.e5 b3 42.Qc3 fxe5 43.Bxe5+ Kh7
44.Qxb3 Qf5 45.Qb2  1-0

[Event "Scaccomatto Open"]
[Site "Torino ITA"]
[Date "2008.12.08"]
[Round "9"]
[White "Foisor,C"]
[Black "Borgo,G"]
[Result "1/2-1/2"]
[WhiteElo "2365"]
[BlackElo "2426"]

1.Nf3 d5 2.g3 Nc6 3.d4 Bf5 4.Bg2 Nb4 5.Na3 e6 6.O-O Be7 7.c4 Nf6 8.Bg5 O-O
9.Ne5 Nd7 10.Bxe7 Qxe7 11.Nxd7 Qxd7 12.Qd2 a5 13.Rfd1 c6 14.b3 Rfd8 15.Rac1 Qe7
16.cxd5 exd5 17.Nb1 a4 18.a3 Na6 19.bxa4 Bxb1 20.Rxb1 Ra7 21.Rb3 Nc7 22.Rdb1 Ne8
23.a5 Nd6 24.Qb4 Rda8 25.e4 dxe4 26.Bxe4 Rxa5 27.Re3 Qd8 28.Bc2 Rb5 29.Qe1 Nc4
30.Rxb5 Nxe3 31.Rc5 Nxc2 32.Rxc2 Rxa3 33.d5 cxd5 34.Rc7 g6 35.Rxb7 Ra8 36.Qb4 Qf6
37.Kg2 Kg7 38.Rb6 Qe5 39.Rb5 Rd8 40.h4 h6 41.Qb2 Qxb2 42.Rxb2 Kf6 43.Kf3 Re8
44.Rb7 Re7 45.Rb8 h5 46.Rb6+ Kf5 47.Rb5 Re5 48.Rb7 f6 49.Rd7 g5 50.hxg5 fxg5
51.Rf7+ Ke6 52.Ra7 Kd6 53.Kg2 g4 54.Ra2 Kc5 55.f4 gxf3+ 56.Kxf3 Kb4 57.Kf4 Re4+
58.Kf5 Re3 59.Kf4 Re4+ 60.Kf5 Re8 61.Rh2 Re3 62.Kf4 Re4+ 63.Kf3 Re1 64.Rxh5 d4
65.Rd5 Kc3 66.g4 d3 67.Kf4 d2 68.g5 d1=Q 69.Rxd1 Rxd1 70.g6 Kd4 71.Kf5 Kd5  1/2-1/2

[Event "34th ch-ISR"]
[Site "Haifa ISR"]
[Date "2008.12.09"]
[Round "7"]
[White "Klenburg,M"]
[Black "Postny,E"]
[Result "1-0"]
[WhiteElo "2403"]
[BlackElo "2674"]

1.Nf3 d5 2.g3 c6 3.Bg2 Nf6 4.O-O Bf5 5.d3 e6 6.c4 Nbd7 7.cxd5 exd5 8.Nc3 Be7
9.Re1 Nc5 10.Nd4 Bg6 11.b4 Ncd7 12.a3 O-O 13.Nb3 Nb6 14.Be3 Ng4 15.Bd4 Bf6
16.e3 Ne5 17.Bf1 Re8 18.f4 Ned7 19.Qf3 Bxd4 20.Nxd4 f6 21.h4 Qe7 22.h5 Bf7
23.Nf5 Qf8 24.d4 Be6 25.Bd3 Bxf5 26.Bxf5 Rad8 27.e4 Qf7 28.exd5 Nxd5 29.Nxd5 cxd5
30.Rac1 Nf8 31.Rxe8 Rxe8 32.Kf2 g6 33.hxg6 hxg6 34.Bd3 Kg7 35.f5 g5 36.g4 Qd7
37.Qg3 Rc8 38.Rc5 b6 39.Rxc8 Qxc8 40.Qd6 Qc3 41.Qe7+ Kg8 42.Qxf6 Qxd3 43.Qxg5+ Kf7
44.Qh5+ Ke7 45.Qg5+ Ke8 46.Qh5+ Kd8 47.Qh8 Qc2+ 48.Kf1 Qc1+ 49.Ke2 Qc2+ 50.Kf1 Qc4+
51.Kf2 Ke8 52.Qh5+ Ke7 53.Qg5+ Kd7 54.Qg7+ Ke8 55.Qe5+ Kf7 56.g5 Qc2+ 57.Kf3 Qd1+
58.Kf4 Qd2+ 59.Kg4 Qg2+ 60.Kh4 Qf2+ 61.Kg4 Qg1+ 62.Kh4 Qh1+ 63.Kg4 Qg2+ 64.Kh4 b5
65.g6+ Kg8 66.Kh5 Qe4 67.Kg5 Nd7 68.Qe6+ Kh8 69.Qxd7 Qe3+ 70.Kf6 Qxd4+ 71.Ke6 Qe4+
72.Kf7  1-0

[Event "TCh-SLO"]
[Site "Murska Sobota SLO"]
[Date "2008.12.09"]
[Round "4"]
[White "Luzar,E"]
[Black "Lazar,Ales ML"]
[Result "1-0"]
[WhiteElo "2184"]
[BlackElo "2289"]

1.Nf3 d5 2.g3 Nf6 3.Bg2 c6 4.O-O Bg4 5.d3 Nbd7 6.Nbd2 e5 7.e4 dxe4 8.dxe4 Bc5
9.h3 Bh5 10.Qe2 O-O 11.a4 Re8 12.Nb3 Qc7 13.Nxc5 Nxc5 14.g4 Bg6 15.Nd2 Rad8
16.b4 Ne6 17.Qc4 Rd4 18.Qc3 Nf4 19.Re1 Nxg2 20.Kxg2 Bxe4+ 21.f3 Bd5 22.g5 Re6
23.gxf6 gxf6 24.Qe3 f5 25.Bb2 Rh4 26.Kf2 Qe7 27.Rg1+ Kf8 28.Qg5 Qxg5 29.Rxg5 e4
30.Kg3 e3 31.Kxh4 exd2 32.Rd1 Bxf3 33.Rxd2 f4 34.Rg8+ Ke7 35.Bg7 f6 36.Rdd8 Re5
37.Rge8+  1-0

[Event "III Open"]
[Site "Palma de Mallorca ESP"]
[Date "2008.12.09"]
[Round "4"]
[White "Barcelo Pujadas,P"]
[Black "Roig Squar,J"]
[Result "1/2-1/2"]
[WhiteElo "2269"]
[BlackElo "2081"]

1.Nf3 d5 2.g3 Nf6 3.Bg2 e6 4.O-O Be7 5.c4 O-O 6.d4 dxc4 7.Qc2 a6 8.Qxc4 b5
9.Qc2 Bb7 10.Bg5 Be4 11.Qc1 Nbd7 12.Nbd2 Bb7 13.Rd1 Qc8 14.Nb3 c5 15.Bxf6 gxf6
16.dxc5 Nxc5 17.Nxc5 Qxc5 18.Qh6 Bxf3 19.Bxf3 Rad8 20.Be4 Rxd1+ 21.Rxd1 f5
22.Bd3 Qd4 23.Qc1 Rd8 24.Bc2 Qb4 25.Rxd8+ Bxd8 26.Bd3 Bb6 27.e3 Qd6 28.Bf1 Bc5
29.h4 b4 30.Bxa6 Qe5 31.Bb7 Kg7 32.Kg2 Be7 33.Bf3 Bf6 34.b3 Qb2 35.Qc7 Qc3
36.Qb7 Qc5 37.Bh5 Qd5+ 38.Qxd5 exd5 39.Kf3 Be5 40.Ke2 Kf6 41.Kd3 Ke6 42.Bf3 h6
43.Bg2 Bb2 44.Bh3 Bf6 45.Kc2 Be7 46.Bf1 Ke5 47.Kd3 Bc5 48.Be2 Ke6 49.Bd1 Be7
50.Kd4 Kd6 51.Bc2 Bf6+ 52.Kd3 Ke5 53.Bb1 Be7 54.a4 bxa3 55.Kc3 a2 56.Bxa2 Ke4
57.Kd2 Kf3 58.Ke1 Bb4+ 59.Kf1 f4 60.gxf4 d4 61.exd4 Kxf4 62.Bb1 Bc3 63.d5 Ke5
64.Ke2 Kxd5 65.Kd3 Be1 66.Ke2 Bc3 67.Bh7 Ke5 68.h5 f5 69.Bg8 Bb4 70.Bc4 Bc5
71.Bd3 Kf4 72.Bc4 Ke5 73.Bf7 Kf6 74.Be8 Ke5 75.Bg6 Kf4 76.Be8 Ke5  1/2-1/2

[Event "TCh-SLO"]
[Site "Murska Sobota SLO"]
[Date "2008.12.10"]
[Round "5"]
[White "Tratar,M"]
[Black "Soln,P"]
[Result "1/2-1/2"]
[WhiteElo "2507"]
[BlackElo "2388"]

1.Nf3 d5 2.g3 c6 3.Bg2 Bg4 4.O-O Nd7 5.d3 e6 6.b3 Ngf6 7.Bb2 Be7 8.Nbd2 O-O
9.c4 a5 10.a3 Re8 11.Ne5 Nxe5 12.Bxe5 Qb6 13.Nf3 Nd7 14.Bd4  1/2-1/2

[Event "58th ch-GRE"]
[Site "Rhodes GRE"]
[Date "2008.12.10"]
[Round "11"]
[White "Banikas,H"]
[Black "Kapnisis,S"]
[Result "1-0"]
[WhiteElo "2572"]
[BlackElo "2418"]

1.Nf3 d5 2.g3 c5 3.Bg2 Nc6 4.d4 e6 5.O-O Nf6 6.b3 cxd4 7.Nxd4 Bc5 8.Nxc6 bxc6
9.c4 O-O 10.Qc2 Qe7 11.Bb2 e5 12.Nc3 Be6 13.cxd5 cxd5 14.Na4 Bd6 15.Rfc1 Bd7
16.Nc3 d4 17.Nd5 Nxd5 18.Bxd5 Rac8 19.Qe4 Kh8 20.Qd3 Rb8 21.e3 Bb5 22.Bc4 Bxc4
23.Rxc4 dxe3 24.Qxe3 Rfc8 25.Qe4 Rxc4 26.Qxc4 Bc5 27.Rd1 f6 28.Bc3 h6 29.b4 Bb6
30.a4 Qb7 31.Qd5 Qxd5 32.Rxd5 Rc8 33.Bd2 Kg8 34.a5 Bd4 35.Kf1 Rc7 36.f4 Kf7
37.f5 Ke7 38.b5 Bc3 39.b6  1-0

[Event "FSGM December"]
[Site "Budapest HUN"]
[Date "2008.12.11"]
[Round "6"]
[White "Kosic,D"]
[Black "Nguyen Huynh Minh Huy"]
[Result "1/2-1/2"]
[WhiteElo "2511"]
[BlackElo "2452"]

1.Nf3 d5 2.g3 Nf6 3.Bg2 c6 4.O-O Bg4 5.d3 Nbd7 6.h3 Bh5 7.Qe1 e5 8.e4 dxe4
9.dxe4 Bc5 10.Nbd2 O-O 11.Nc4 Re8 12.a4 b5 13.Na5 Qc7 14.Nh4 Bf8 15.Nf5 Nb6
16.b3 a6 17.Be3 c5 18.g4 Bg6 19.axb5 axb5 20.Qe2  1/2-1/2

[Event "34th ch-ISR"]
[Site "Haifa ISR"]
[Date "2008.12.11"]
[Round "9"]
[White "Klenburg,M"]
[Black "Vydeslaver,Ali"]
[Result "1/2-1/2"]
[WhiteElo "2403"]
[BlackElo "2399"]

1.Nf3 d5 2.g3 c6 3.Bg2 Bg4 4.O-O Nd7 5.d4 e6 6.Nbd2 Ngf6 7.Re1 Be7 8.e4 O-O
9.c3 Bh5 10.a4 Bg6 11.exd5 cxd5 12.a5 Qc7 13.Qa4 Bd3 14.Nf1 Bd6 15.Be3 Rab8
16.Ne5 Bf5 17.f4 Rfd8 18.Qb5 Be4 19.Bh3 b6 20.a6 Rbc8 21.Nd2 Bf8 22.Bf2 Bf5
23.Bg2 Ne8 24.Qe2 Nxe5 25.fxe5 Qd7 26.g4 Bg6 27.h4 h6 28.g5 hxg5 29.hxg5 b5
30.Qg4 b4 31.Re3 Bf5 32.Qh4 g6 33.Nf1 bxc3 34.bxc3 Qb5 35.Be1 Qb2 36.Rd1 Qc2
37.Bf3 Rb8 38.Rd2 Qc1 39.Rh2 Bg7 40.Bg4 Bxg4 41.Qxg4 Rb2 42.Bd2 Qb1 43.Qh4 Rd7
44.Qh7+ Kf8 45.Rf2 Nc7 46.Ref3 Ne8 47.Rf6 Ra2 48.Rxe6 Rxd2 49.Rxe8+ Kxe8
50.Rxd2 Bf8 51.Rf2 Qe4 52.Qh3 Rc7 53.Rb2 Qf4 54.Qg2 Rxc3 55.Qxd5 Qxg5+ 56.Kh1 Qh5+
57.Kg1 Qg4+ 58.Rg2 Qd7 59.Qe4 Rc4 60.Qa8+ Rc8 61.Qe4 Rc4 62.Qa8+  1/2-1/2

[Event "III Open"]
[Site "Palma de Mallorca ESP"]
[Date "2008.12.11"]
[Round "6"]
[White "Venkatesh,M"]
[Black "Ehsan,A"]
[Result "1/2-1/2"]
[WhiteElo "2468"]
[BlackElo "2241"]

1.Nf3 d5 2.g3 c6 3.Bg2 Nf6 4.d3 Bf5 5.O-O e6 6.Nbd2 Be7 7.b3 O-O 8.Bb2 c5
9.Ne5 Ng4 10.Nef3 Bf6 11.c3 Nc6 12.h3 Nge5 13.Nxe5 Bxe5 14.e4 dxe4 15.dxe4 Bg6
16.f4 Bc7 17.f5 Qg5 18.fxg6 Rad8 19.gxh7+ Kh8 20.Rf2 Bxg3 21.Re2 Bf4 22.Bc1 Ne5
23.Kh1 Nd3 24.Ba3 b5 25.Nf3 Qg3 26.Qg1 b4 27.cxb4 cxb4 28.Bb2 Rd7 29.Bd4 Rfd8
30.Rd1 Rxd4 31.Nxd4 Rxd4  1/2-1/2

[Event "WBX Teams"]
[Site "Edmonton CAN"]
[Date "2008.12.14"]
[Round "4"]
[White "Haynes,N"]
[Black "MacKinnon,K"]
[Result "1/2-1/2"]
[WhiteElo "2148"]
[BlackElo "2076"]

1.Nf3 d5 2.g3 Nf6 3.c4 c6 4.b3 Bf5 5.Bg2 Nbd7 6.Bb2 e6 7.O-O Bd6 8.d3 O-O
9.Re1 Qe7 10.Nbd2 e5 11.e4 dxe4 12.dxe4 Bg6 13.a3 Nc5 14.Qc2 a5 15.Nh4 Rfd8
16.Bc3 Qc7 17.b4 axb4 18.axb4 Ne6 19.Rxa8 Rxa8 20.c5 Bf8 21.Ndf3 Nd7 22.Qb2 b6
23.cxb6 Qxb6 24.Rd1 Ra7 25.Nxg6 hxg6 26.Bh3 c5 27.bxc5 Qxb2 28.Bxb2 Nexc5
29.Bxd7 Nxd7 30.Nxe5 Nxe5 31.Bxe5 Re7 32.Bf4 Rxe4 33.Rd8 Re6 34.Be3 Rc6  1/2-1/2

[Event "GiTelecom Finals"]
[Site "ICC INT"]
[Date "2008.12.14"]
[Round "1.2"]
[White "Altounian,L"]
[Black "Vovk,Y"]
[Result "0-1"]
[WhiteElo "2454"]
[BlackElo "2549"]

1.Nf3 d5 2.g3 e6 3.Bg2 Nf6 4.O-O c5 5.c4 Nc6 6.b3 Be7 7.Bb2 O-O 8.e3 b6 9.Qe2 Ba6
10.Rd1 Rb8 11.Nc3 e5 12.d3 d4 13.exd4 exd4 14.Ne4 Re8 15.Nfd2 Ne5 16.h3 Nxe4
17.Bxe4 Bd6 18.f4 Ng6 19.Qf3 Qd7 20.h4 Bb7 21.h5 Ne7 22.Re1 Bxe4 23.dxe4 Nc6
24.e5 Bf8 25.Ne4 h6 26.Rad1 a6 27.g4 b5 28.cxb5 axb5 29.g5 hxg5 30.Nxg5 Ne7
31.e6 fxe6 32.Rxe6 Qd5 33.Qg4 Nf5 34.Rde1 Ne3 35.Rxe8 Nxg4 36.Rxb8 Ne3 37.a4 Qg2+  0-1

[Event "GiTelecom Finals"]
[Site "ICC INT"]
[Date "2008.12.14"]
[Round "1.4"]
[White "Altounian,L"]
[Black "Vovk,Y"]
[Result "1-0"]
[WhiteElo "2454"]
[BlackElo "2549"]

1.Nf3 d5 2.g3 e6 3.Bg2 Nf6 4.O-O Be7 5.d3 c5 6.Nbd2 O-O 7.e4 Nc6 8.Re1 dxe4
9.dxe4 Qc7 10.c3 Rd8 11.Qe2 Ng4 12.e5 Nh6 13.Ne4 Nf5 14.Bf4 b6 15.g4 Nh4
16.Nxh4 Bxh4 17.g5 Ne7 18.Qg4 Ng6 19.Nf6+ gxf6 20.Bxa8 fxe5 21.Bg3 Bxg3 22.hxg3 Rd2
23.b3 Qd8 24.Rad1 Ba6 25.Be4 Kg7 26.Qh5 Kg8 27.Rxd2 Qxd2 28.Rd1 Be2 29.Qxg6+  1-0

[Event "XXI Carlos Torre"]
[Site "Merida MEX"]
[Date "2008.12.14"]
[Round "3"]
[White "Arencibia Rodriguez,W"]
[Black "Gomez Garrido,C"]
[Result "1/2-1/2"]
[WhiteElo "2536"]
[BlackElo "2454"]

1.Nf3 d5 2.g3 Nf6 3.Bg2 c6 4.O-O Bg4 5.d3 Nbd7 6.Nbd2 e5 7.e4 Bd6 8.h3 Bxf3
9.Nxf3 O-O 10.Nh4 g6 11.exd5 cxd5 12.c4 Nb6 13.cxd5 Nfxd5 14.d4 Be7 15.dxe5 Bxh4
16.gxh4 Qxh4 17.Qg4 Qe7 18.Re1 Qe6 19.Bg5 Rfc8 20.Rad1 Rc5 21.Qf3 Re8 22.Qa3 Rc2
23.Qd3 Nb4 24.Qb5 Nc6 25.Bh6 Qf5 26.Rd2 Rc4 27.f4 Qh5 28.Bg5 h6 29.b3 Rc3
30.Bf6 Qf5 31.Qf1 Nd7 32.Rxd7 Qxd7 33.e6 Qd3 34.Bxc3 Qxc3 35.exf7+ Kxf7 36.Rxe8 Kxe8
37.Qe2+ Kf8 38.Kh2 Qf6 39.Qe3 Qd6 40.Kh1  1/2-1/2

[Event "III Open"]
[Site "Palma de Mallorca ESP"]
[Date "2008.12.14"]
[Round "9"]
[White "Venkatesh,M"]
[Black "Narciso Dublan,M"]
[Result "0-1"]
[WhiteElo "2468"]
[BlackElo "2511"]

1.Nf3 d5 2.g3 g6 3.Bg2 Bg7 4.d3 e5 5.O-O Ne7 6.Nbd2 h6 7.c3 a5 8.e4 Nbc6
9.exd5 Nxd5 10.Re1 O-O 11.Nc4 Re8 12.a4 Ra6 13.Nfd2 Be6 14.Nb3 b6 15.Nbd2 f6
16.Qf3 Bf7 17.Ne3 Nce7 18.Nc2 Nf5 19.Nf1 Ra7 20.Nfe3 Nfxe3 21.Bxe3 c5 22.d4 cxd4
23.cxd4 e4 24.Qe2 f5 25.Bd2 Rae7 26.Ne3 Qd7 27.Bc3 Kh7 28.Bf1 Rc8 29.Rec1 Nb4
30.Qb5 Na2 31.Qxd7 Rxd7 32.Rc2 Bb3 33.Ba6 Rcc7 34.Bb5 Rd8 35.Bxa5 Rxc2 36.Bxb6 Rb8
37.Nxc2 Rxb6 38.d5 Bxc2 39.Rxa2 Bb3 40.Ra1 Bxd5 41.Rd1 Be6 42.Rd2 Be5 43.Rc2 Kg7
44.b4 Bd6  0-1

[Event "FSGM December"]
[Site "Budapest HUN"]
[Date "2008.12.15"]
[Round "10"]
[White "Kosic,D"]
[Black "Duong The Anh"]
[Result "1/2-1/2"]
[WhiteElo "2511"]
[BlackElo "2420"]

1.Nf3 d5 2.g3 c6 3.Bg2 Nf6 4.O-O Bg4 5.d4 Nbd7 6.Nbd2 e6 7.Re1 Bd6 8.e4 dxe4
9.Nxe4 Nxe4 10.Rxe4 Nf6 11.Re1 O-O 12.c3 Re8 13.Qb3 Bxf3 14.Bxf3 Qc7 15.Bg5 Nd7
16.Rad1 h6 17.Be3 Rad8 18.c4 Qb8 19.Qc3 Nf6 20.b4 Rc8 21.a4 b6 22.Rb1 Qc7
23.Qb3 Red8 24.Red1 Qe7 25.Rdc1 c5 26.dxc5 bxc5 27.b5 Bc7 28.Qc3 e5 29.a5 e4
30.Be2 Be5 31.Qa3 Bd4 32.b6 axb6 33.Rxb6 Qa7 34.Rcb1 Bxe3 35.fxe3 Qd7 36.Qc3 Qh3
37.Rf1 Rc7 38.Qe5 Rd2 39.Rb2 Rcd7 40.a6 Kh7 41.Rxd2 Rxd2 42.Rf2 Qc8 43.Bg4 Nxg4
44.Qxe4+ f5 45.Rxf5 Kg8 46.Qxg4 Qxa6 47.Qe4 Qa2 48.Rf1 Rxh2 49.Qe6+ Kh7 50.Qe4+ Kg8
51.Qe8+ Kh7 52.Qe4+ Kg8  1/2-1/2

[Event "Masters"]
[Site "Berkeley USA"]
[Date "2008.12.16"]
[Round "3"]
[White "Kustar,S"]
[Black "Bhat,V"]
[Result "0-1"]
[WhiteElo "2356"]
[BlackElo "2498"]

1.Nf3 d5 2.g3 c6 3.Bg2 Bg4 4.b3 Nd7 5.Bb2 e6 6.d3 Ngf6 7.Nbd2 Bd6 8.h3 Bh5
9.O-O O-O 10.e4 e5 11.Qe1 Re8 12.Nh4 Nc5 13.f4 dxe4 14.dxe4 exf4 15.gxf4 Ne6
16.e5 Bc5+ 17.Kh1 Nd5 18.Ne4 Be7 19.Nf5 Ndxf4 20.Qg3 Ne2 21.Qe3 Qb6 22.Nh6+ gxh6
23.Qxh6 Bg6 24.Rae1 Ng3+  0-1

[Event "FSGM December"]
[Site "Budapest HUN"]
[Date "2008.12.17"]
[Round "12"]
[White "Kosic,D"]
[Black "Matsenko,S"]
[Result "1/2-1/2"]
[WhiteElo "2511"]
[BlackElo "2447"]

1.Nf3 d5 2.g3 Nf6 3.Bg2 Bf5 4.O-O c6 5.d3 e6 6.c4 h6 7.cxd5 exd5 8.Nd4 Bh7
9.e4 dxe4 10.dxe4 Bc5 11.Nb3 Qxd1 12.Rxd1 Bb6 13.Nc3 O-O 14.Re1 Re8 15.Be3 Na6
16.a3 Rad8 17.h3 Nd7 18.Rad1 Nac5 19.Nxc5 Nxc5 20.Rxd8 Rxd8 21.b4 Ne6 22.Bxb6 axb6
23.Rd1 Rxd1+ 24.Nxd1 b5 25.Kf1 Nd4 26.Ne3 f5 27.exf5 Bxf5  1/2-1/2

[Event "FSIM December"]
[Site "Budapest HUN"]
[Date "2008.12.17"]
[Round "12"]
[White "Bravetti,A"]
[Black "Adams,N"]
[Result "1-0"]
[WhiteElo "2205"]
[BlackElo "2205"]

1.Nf3 d5 2.g3 c5 3.Bg2 Nc6 4.O-O Nf6 5.c4 e6 6.d3 Be7 7.Nc3 O-O 8.Bf4 d4
9.Na4 Nd7 10.a3 e5 11.Bd2 Qc7 12.Qb1 Rb8 13.Rc1 b6 14.b4 Bb7 15.e3 Nd8 16.exd4 exd4
17.Re1 Ne6 18.Qd1 Rfe8 19.Rb1 Bc6 20.h4 Bd6 21.Nb2 Nf6 22.Ng5 Nf8 23.Bxc6 Rxe1+
24.Bxe1 Qxc6 25.Qf3 Qd7 26.Bd2 h6 27.Ne4 Nxe4 28.Qxe4 Re8 29.Qf3 Ng6 30.Kg2 Bf8
31.Re1 Rxe1 32.Bxe1 Qe6 33.Qe4 Qd7 34.Bd2 f5 35.Qa8 Kf7 36.b5 Bd6 37.f4 Ne7
38.a4 Qc7 39.Qf3 Qd7 40.Qh5+ Kf8 41.Qf3 Kg8 42.a5 Qc7 43.a6 Kh7 44.Na4 Kg6
45.h5+ Kf7 46.Qa8 Qb8 47.Qf3 Kf6 48.Nb2 Kf7 49.Nd1 Kg8 50.Nf2 Kf8 51.Kg1 Qc8
52.Kg2 Qb8 53.Nh3 Qc8 54.Kf2 Kf7 55.Ng1 Qb8 56.Kg2 Qc8 57.Kh2 Qb8 58.Nh3 Qc8
59.Nf2 Qb8 60.Kg2 Qc8 61.Kf1 Bb8 62.Ke1 Qe6+ 63.Kd1 Kg8 64.Qb7 Qd6 65.Kc2 Qc7
66.Qf3 Kh7 67.Nh3 Qd7 68.Ng1 Ng8 69.Qa8 Bd6 70.Nf3 Nf6 71.Ne5 Bxe5 72.fxe5 Nxh5
73.Qb7 Qe6 74.Qxa7 Qxe5 75.Qf7  1-0

[Event "15th Croatian Open A"]
[Site "Zadar CRO"]
[Date "2008.12.17"]
[Round "6"]
[White "Sale,S"]
[Black "Bilobrk,F"]
[Result "1/2-1/2"]
[WhiteElo "2380"]
[BlackElo "2372"]

1.Nf3 d5 2.g3 c6 3.Bg2 Nf6 4.O-O Bg4 5.d4 Nbd7 6.Nbd2 e6 7.Re1 Bd6 8.e4 dxe4
9.Nxe4 Nxe4 10.Rxe4 Nf6 11.Re1 O-O 12.c3 Bh5 13.Qb3 Qb6  1/2-1/2

[Event "4th Open"]
[Site "Assisi ITA"]
[Date "2008.12.18"]
[Round "1"]
[White "Diekmann,H"]
[Black "Marsili,R"]
[Result "1/2-1/2"]
[WhiteElo "2199"]
[BlackElo "1859"]

1.Nf3 d5 2.g3 Nf6 3.Bg2 g6 4.c4 Bg7 5.cxd5 Nxd5 6.Nc3 O-O 7.O-O c6 8.Qb3 e5
9.d3 Nxc3 10.bxc3 Qc7 11.a4 Be6 12.Qc2 h6 13.Be3 Nd7 14.Qc1 Kh7 15.Qa3 Nb6
16.Rab1 Nd5 17.Bd2 f5 18.c4 Nf6 19.Bc3 Nd7 20.Qb2 b6 21.Nd2 Rf7 22.d4 exd4
23.Bxd4 Bxd4 24.Qxd4 Nc5 25.a5 Rd8 26.Qc3 Rfd7 27.axb6 axb6 28.Nf3 Ne4 29.Qc2 Nd2
30.Nxd2 Rxd2 31.Qc3 b5 32.Qe3 Bxc4 33.Ra1 R2d7 34.Rfe1 Re7 35.Qc5 Bd5 36.Ra6 Qd6
37.Qxd6 Rxd6 38.Bxd5 Rxd5 39.Rxc6 Rb7 40.Rb1 Rd2 41.Kf1 b4 42.Rb3 Rd1+ 43.Kg2 Ra1
44.Rc4 Ra4 45.h4 Kg7 46.e3 Kf7 47.Kf3 Rb6 48.Kf4 Ke6 49.Rd4 Ra2 50.f3 Kf6
51.e4 g5+ 52.hxg5+ hxg5+ 53.Ke3 Ra3 54.Rdd3 Ra4 55.exf5 Kxf5 56.Rd5+ Kf6
57.Kd4 Ra1 58.g4 Rb8 59.Rd6+ Ke7 60.Rc6 Rd1+ 61.Ke5 Re1+ 62.Kf5 Rb5+ 63.Kg6 Re6+
64.Rxe6+ Kxe6 65.f4 gxf4 66.g5 Ke5 67.Kh6 Kf5 68.g6 Rb6 69.Kh5 Rxg6 70.Rxb4 Rg1
71.Rb5+ Ke4 72.Kh4 f3 73.Rb4+ Kd3 74.Rb3+ Ke2 75.Rb2+ Kf1 76.Kh3 f2 77.Kh2 Rg8
78.Rb1+ Ke2 79.Rb2+ Ke3 80.Rb3+  1/2-1/2

[Event "TCh-ISR 2008-9"]
[Site "Israel ISR"]
[Date "2008.12.19"]
[Round "3"]
[White "Berkovich,M"]
[Black "Huzman,A"]
[Result "0-1"]
[WhiteElo "2409"]
[BlackElo "2590"]

1.Nf3 d5 2.g3 g6 3.Bg2 Bg7 4.d4 Nf6 5.O-O O-O 6.Nbd2 a5 7.c4 c6 8.b3 a4 9.Bb2 a3
10.Bc3 Ne4 11.Nxe4 dxe4 12.Ne1 f5 13.Nc2 c5 14.b4 cxd4 15.Bxd4 Bxd4 16.Nxd4 e5
17.Nb5 Nc6 18.Qb3 Be6 19.Nxa3 Qd2 20.Rfd1 Qxb4 21.Qxb4 Nxb4 22.Rd6 Bf7 23.Rb6 Nc6
24.Nb5 Bxc4 25.Rxb7 Na5 26.Rb6 Bxe2 27.a4 Nb3 28.Re1 Bd3 29.Bf1 Nd2 30.Bxd3 Nf3+
31.Kf1 exd3 32.Ra1 Rfc8  0-1

[Event "TCh-ISR 2008-9"]
[Site "Israel ISR"]
[Date "2008.12.19"]
[Round "3"]
[White "Roiz,M"]
[Black "Erenburg,S"]
[Result "1-0"]
[WhiteElo "2677"]
[BlackElo "2589"]

1.Nf3 d5 2.g3 c6 3.Bg2 Bg4 4.c4 e6 5.O-O Nf6 6.cxd5 Bxf3 7.Bxf3 cxd5 8.d3 Nc6
9.Bg2 Be7 10.Nc3 O-O 11.Bf4 Rc8 12.a3 d4 13.Ne4 Nd5 14.Bc1 h6 15.Nd2 Qc7
16.Bxd5 exd5 17.b4 Bf6 18.Bb2 Rfe8 19.Rc1 Qb6 20.Rc5 Rcd8 21.Nb3 Be7 22.Rc2 Bf6
23.Qa1 Re7 24.Rfc1 Rde8 25.Kf1 a5 26.Nxa5 Nxa5 27.bxa5 Qxa5 28.Bxd4 Bxd4
29.Qxd4 Qxa3 30.Rb1 Qd6 31.e3 Rd8 32.Kg2 Kh7 33.Rb5 Qe6 34.Rcb2 Qc6 35.Rb6 Qc7
36.R2b5 Kg8 37.Qb4 Rdd7 38.d4 Qc2 39.Qb1 Qxb1 40.Rxb1 Kf8 41.R6b5 h5 42.Ra1 Re8
43.Rab1 Ree7 44.Kf3 g6 45.Ke2 Kg7 46.Kd3 h4 47.gxh4 Kh6 48.Rg1 Re4 49.h5 g5
50.Rxd5 Rxe3+ 51.fxe3 Rxd5 52.e4 Ra5 53.Rf1 Ra3+ 54.Kc4 Ra2 55.Rxf7 Rxh2
56.e5 g4 57.Rxb7 g3 58.Rb3 Rh3 59.Rb1 Kxh5 60.e6 Kg4 61.e7 Rh8 62.Kd5 Kf3
63.Rf1+  1-0

[Event "TCh-ISR 2008-9"]
[Site "Israel ISR"]
[Date "2008.12.19"]
[Round "3"]
[White "Gofshtein,L"]
[Black "Mikhalevski,V"]
[Result "0-1"]
[WhiteElo "2546"]
[BlackElo "2602"]

1.g3 d5 2.Nf3 Nf6 3.Bg2 g6 4.c4 Bg7 5.Qa4+ Bd7 6.Qb3 dxc4 7.Qxb7 Nc6 8.Qb5 Rb8
9.Qxc4 Nb4 10.Ng5 e6 11.a3 Nbd5 12.d3 Nb6 13.Qc2 Nfd5 14.e4 Ne7 15.Nc3 c5
16.Rb1 Nc6 17.Nf3 Nd4 18.Qd1 Bc6 19.O-O O-O 20.Bf4 Rb7 21.Ne5 Be8 22.h4 f6
23.Nc4 Rd7 24.e5 Nxc4 25.dxc4 fxe5 26.Bg5 Qc7 27.Qg4 Rdf7 28.Be3 Rf5 29.Ne4 Bc6
30.Ng5 h5 31.Qh3 Bd7 32.Be4 Bf6 33.Bxd4 cxd4 34.Rbc1 Bxg5 35.hxg5 Bc6 36.Qg2 Rf3
37.Bxg6 Qg7 38.Bxh5 Qxg5 39.Qh3 Rxf2 40.Qxe6+ Kg7 41.Bg4 Rg2+ 42.Kh1 Rh8+  0-1

[Event "4 Nations"]
[Site "Donostia ESP"]
[Date "2008.12.20"]
[Round "2"]
[White "Anic,D"]
[Black "Argandona Riveiro,I"]
[Result "1-0"]
[WhiteElo "2462"]
[BlackElo "2385"]

1.Nf3 d5 2.g3 Nf6 3.Bg2 c5 4.O-O Nc6 5.d4 e6 6.c4 dxc4 7.Ne5 Nxe5 8.dxe5 Qxd1
9.Rxd1 Nd5 10.Na3 Bd7 11.Nxc4 O-O-O 12.Bg5 Re8 13.Rac1 b6 14.a3 h6 15.e4 hxg5
16.exd5 exd5 17.Bxd5 Be6 18.b4 Rd8 19.Bxe6+ fxe6 20.Nd6+ Bxd6 21.exd6 Kd7
22.bxc5 Rc8 23.cxb6 Rxc1 24.Rxc1 axb6 25.Rc7+ Kxd6 26.Rxg7 Ra8 27.Rxg5 Rxa3
28.h4 Ra8 29.Kg2 Kc6 30.Re5 Kd6 31.f4 Ra5 32.Re2 b5 33.Re5 Ra2+ 34.Kh3 Rb2
35.h5 Rb1 36.Kh4 b4 37.g4 b3 38.Rb5 Kc6 39.Rb8 Kc5 40.h6 Kc4 41.Kg5 Rh1 42.Rb6 Kc3
43.Kg6 Rh4 44.h7 e5 45.fxe5 Rxg4+ 46.Kh5 Rg1 47.e6 Rh1+ 48.Kg6 Rg1+ 49.Kf5 Rf1+
50.Kg4 Rg1+ 51.Kh5 Rh1+ 52.Kg6 Rg1+ 53.Kf6 Rf1+ 54.Ke5 Re1+ 55.Kd6 Rd1+ 56.Kc6 Rd8
57.e7 Rh8 58.Kd6 Kc2 59.Ke5 b2 60.Kf6 Rxh7 61.Rxb2+ Kxb2 62.e8=Q Rh3 63.Qe2+ Kc3
64.Qe1+ Kc2 65.Ke5 Rb3 66.Kd4 Kb2 67.Qd2+ Kb1 68.Kc4 Rb2 69.Qd1+ Ka2 70.Kc3 Rb8
71.Qe2+ Kb1 72.Qf1+ Ka2 73.Qf2+  1-0

[Event "8th Amplico AIG Life Rapid"]
[Site "Warsaw POL"]
[Date "2008.12.20"]
[Round "3"]
[White "Zickus,S"]
[Black "Zhigalko,S"]
[Result "0-1"]
[WhiteElo "2315"]
[BlackElo "2592"]

1.Nf3 d5 2.g3 c6 3.Bg2 Bg4 4.O-O Nd7 5.d4 e6 6.Nbd2 Ngf6 7.Re1 Be7 8.e4 dxe4
9.Nxe4 Nxe4 10.Rxe4 Nf6 11.Re1 O-O 12.c3 h6 13.Qb3 Qb6 14.Nd2 Rfd8 15.Nc4 Qxb3
16.axb3 Nd5 17.b4 a6 18.Bd2 Bf5 19.h4 Rab8 20.Bf3 g5 21.Na5 Kg7 22.Nb3 Nb6
23.hxg5 hxg5 24.Nc5 Nc4 25.Bc1 Nd6 26.Ne4 Nxe4 27.Bxe4 Bxe4 28.Rxe4 Rd5 29.Ra5 Rxa5
30.bxa5 Rd8 31.Re5 Rd5 32.Rxd5 cxd5 33.Kg2 Bd8 34.b4 g4 35.f3 gxf3+ 36.Kxf3 Kg6
37.Kg4 Bc7 38.Bf4 Bd8 39.Bd2 Bf6 40.Bf4 Bg7 41.Bd6 f6 42.Bf4 e5 43.dxe5 fxe5
44.Bd2 e4 45.Be1 Bh6 46.Kh4 Bc1 47.g4 e3  0-1